| 000 | 00682nam a2200217 a 4500 | ||
|---|---|---|---|
| 001 | 84899 | ||
| 003 | BD-RjUL | ||
| 005 | 20250506141605.0 | ||
| 008 | 250506s1910 enk||||| |||| 00| 0 eng d | ||
| 035 | _a(BD-RjUL)84899 | ||
| 040 |
_aBD-RjUL _beng _cBD-RjUL |
||
| 041 | _aeng | ||
| 082 |
_223 _a942 _bLOH 1910 |
||
| 100 |
_aLodge, Richard _915416 |
||
| 245 |
_aThe Political History of England / _cRichard Lodge |
||
| 260 |
_aLondon : _bLongmans, Green, _c1910 |
||
| 300 |
_av.; _c23 cm. |
||
| 505 | 0 | 1 | _aVol. 8 : The history of England from the restoration to the death of William III (1660-1702) / by Richard Lodge,1910 -- |
| 651 |
_aEngland _xHistory _915417 |
||
| 942 |
_2ddc _cBK |
||
| 999 |
_c84899 _d84899 |
||